000 00536nam a2200169Ia 4500
999 _c14925
_d14925
003 OSt
005 20201019111801.0
008 190216s9999||||xx |||||||||||||| ||und||
020 _a9781446252413
040 _coclc
082 _a305.4201
_bEVA/S
100 _aEvans, Mary
_95884
245 4 _aThe Sage Handbook Of Feminist Theory /
_cMary Evans ; Clare Hemmings ; Marsha Henry ....
260 _bSage Publications,
_c2014.
_aLos Angels,
300 _a650p
942 _cBK
_2ddc
_h305.4201
_iEVA/S
_k305.4201
_mEVA/S